000
00302nam a2200109Ia 4500
008
231120s2018 xx 000 0 und d
041
_a
eng
100
_a
GIOVANNI CIVARDI
245
_a
DRAWING USING GRIDS : PORTRAITS OF BABIES & CHILDREN
260
_a
SEARCH PRESS
_b
SEARCH PRESS
_c
2018
300
_a
P-80
999
_c
933435
_d
933435